000 00302nam a2200121Ia 4500
003 GCL
008 140319s9999 xx 000 0 eng d
040 _aGCL /
_cGCL
082 0 4 _a005.43
_bL U
245 1 0 _aUSING NIVELL NETWARRE, 2ND ED
260 _a[S.N] :
_bQUE CORPORATION ،
_c1992
300 _a913 P
999 _c17037
_d17037